• 首页
  • 本馆介绍
  • 公告通知
  • 最新文献
  • 馆藏检索
  • 电子资源
  • 读者导购
  • 参考咨询
  • 我的图书馆
  • 登录
  • 详细信息显示
  • 放入我的书架
  • 预约/预借图书
  • 作者相关作品
  • 分类相关作品
  • 丛书相关作品
  • 出版社相关作品

书目信息

  • 表格格式
  • 工作单格式
  • 卡片格式
题名:
我国资源和资源的合理利用
    
 
作者: 涂光炽 , 叶连俊 编
分册:  
出版信息: 北京   知识出版社  1980
页数: 60页
开本: 19cm
丛书名:
单 册:
中图分类: N34
科图分类:
主题词: 资源利用--中国 , 自然科学--科学研究 , 自然科学--分析 , 自然科学--鉴定
电子资源:
ISBN:
000 00831nam0 2200301 45
001 0180002460
005 20040517110427.3
010    @dCNY0.20
091    @a13214.9
100    @a19950413d1980 em y0chiy0121 ea
101 0  @achi
102    @aCN@b110000
105    @ay z 000yy
106    @ar
200 10 @a我国资源和资源的合理利用@Awo guo zi yuan he zi yuan de he li li yong@f涂光炽,叶连俊编
210    @a北京@c知识出版社@d1980
215    @a60页@d19cm
300    @a科学技术知识讲座第三讲
606    @a资源利用@y中国
606 0  @a自然科学@x科学研究
606 0  @a自然科学@x分析
606 0  @a自然科学@x鉴定
690    @aN34
701  0 @a涂光炽@Atu guang chi@4编
701  0 @a叶连俊@Aye lian jun@4编
801  0 @aCN@b上海图书馆@c20040517
801  2 @aCN@bNLC@c20040517
905    @f1@b68324@f1@b68325@dN34@e9:3
    
    我国资源和资源的合理利用/涂光炽,叶连俊编.-北京:知识出版社,1980
    60页;19cm
    科学技术知识讲座第三讲
    
    ISBN :CNY0.20
    
●
相关链接 在E读中查询图书 在五车中查询图书 在当当中查询图书 在豆瓣中查询图书


正题名:我国资源和资源的合理利用     索取号:N34/9:3         预约/预借

序号 登录号 条形码 馆藏地/架位号 状态 备注
1 0068324   000566140   第三借阅区/ [索取号:N34/9:3] 在馆    
2 0068325   000566131   第三借阅区/ [索取号:N34/9:3] 在馆    
唐山师范学院图书馆 欢迎您!
大连网信软件有限公司© 版权所有